The fundamentals of taxation / (Record no. 55080)

MARC details
000 -LEADER
fixed length control field 00666nam a22002417i 4500
008 - FIXED-LENGTH DATA ELEMENTS--GENERAL INFORMATION
fixed length control field 180628s2000 ph||||| |||| 00| 0 eng d
020 ## - INTERNATIONAL STANDARD BOOK NUMBER
International Standard Book Number 971-13-2969-0
040 ## -
-- rda
-- urs
-- eng
050 14 - LIBRARY OF CONGRESS CALL NUMBER
Classification number KF5624.6
Item number .D3778 2000
100 1# - MAIN ENTRY--PERSONAL NAME
Personal name De Leon, Hector S.
Relator code author
245 14 - TITLE STATEMENT
Title The fundamentals of taxation /
Statement of responsibility, etc. by Hector S. De Leon.
250 ## - EDITION STATEMENT
Edition statement 13th edition
300 ## - PHYSICAL DESCRIPTION
Extent xxv, 338 pages ;
Dimensions 22 cm
942 ## - ADDED ENTRY ELEMENTS (KOHA)
Source of classification or shelving scheme Library of Congress Classification
264 #1 -
-- Manila :
-- Rex Book Store,
-- 2000
336 ## -
-- rdacontent
-- text
337 ## -
-- rdamedia
-- unmediated
338 ## -
-- rdacarrier
-- volume
650 #0 -
-- Political Science
650 #0 -
-- History
Holdings
Withdrawn status Lost status Source of classification or shelving scheme Damaged status Not for loan Home library Current library Shelving location Date acquired Total Checkouts Total Renewals Full call number Barcode Date last seen Date last checked out Price effective from Koha item type
    Library of Congress Classification     Tanay College Library Tanay College Library Reserve Section 01/05/2022 1 1 KF5624.6 .D3778 2000 URSTAN-15387 12/03/2025 01/05/2022 01/05/2022 Reserved Books

University of Rizal System
Email us at univlibservices@urs.edu.ph

Visit our Website www.urs.edu.ph/library